000
00495nam a2200157Ia 4500
008
090123s9999 xx 000 0 und d
082
_b
36836
245
_a
रिक्लायनिंग वुमन
250
_a
0
260
_b
सुपर्ण प्रकाशन
_c
2003
300
_a
144
630
_a
रिक्लायनिंग वुमन
700
_a
हुद्दार मधुकर
730
_a
रिक्लायनिंग वुमन
942
_c
BOOK
999
_c
74902
_d
74902